Traffic rights (Record no. 66911)
[ view plain ]
| 000 -LEADER | |
|---|---|
| fixed length control field | 01141cam a2200229 4500 |
| 001 - CONTROL NUMBER | |
| control field | ABS63847 |
| 008 - FIXED-LENGTH DATA ELEMENTS--GENERAL INFORMATION | |
| fixed length control field | 000000n2001 000 0 eng u |
| 035 ## - SYSTEM CONTROL NUMBER | |
| System control number | (Sirsi) u112420 |
| 100 ## - MAIN ENTRY--PERSONAL NAME | |
| Personal name | Blackman, D. |
| 245 ## - TITLE STATEMENT | |
| Title | Traffic rights |
| 260 ## - PUBLICATION, DISTRIBUTION, ETC. | |
| Date of publication, distribution, etc. | 2001 |
| 490 ## - SERIES STATEMENT | |
| Series statement | Property Week |
| Volume/sequential designation | 66(16) 20 April 2001, 30-31(2) |
| 520 ## - SUMMARY, ETC. | |
| Summary, etc. | Discusses the final revised version of PPG13 which will govern transport planning for the next decade and beyond. Welcomes the new proposals and takes into account some of the concerns from the development industry and business community. Particularly noteworthy are revised plans for parking spaces with one space allowed per 30 square metres. The proposals also provide guidance to councils urging authorities to review their development plans to allocate sites that are accessible by public transport. Table explains the PPG 13 parking standards. |
| 590 ## - LOCAL NOTE (RLIN) | |
| Local note | ABS |
| 650 ## - SUBJECT ADDED ENTRY--TOPICAL TERM | |
| Topical term or geographic name entry element | PLANNING POLICY GUIDANCE NOTE 13 |
| 650 ## - SUBJECT ADDED ENTRY--TOPICAL TERM | |
| Topical term or geographic name entry element | PARKING POLICY |
| 650 ## - SUBJECT ADDED ENTRY--TOPICAL TERM | |
| Topical term or geographic name entry element | TOWN CENTRE DEVELOPMENT |
| 650 ## - SUBJECT ADDED ENTRY--TOPICAL TERM | |
| Topical term or geographic name entry element | PUBLIC TRANSPORT |
| 650 ## - SUBJECT ADDED ENTRY--TOPICAL TERM | |
| Topical term or geographic name entry element | LOCAL AUTHORITIES |
| 690 ## - LOCAL SUBJECT ADDED ENTRY--TOPICAL TERM (OCLC, RLIN) | |
| Topical term or geographic name as entry element | PROPERTY-PROPERTY DEVELOPMENT |
| 942 ## - ADDED ENTRY ELEMENTS (KOHA) | |
| Suppress in OPAC | 0 |
| Withdrawn status | Lost status | Source of classification or shelving scheme | Damaged status | Not for loan | Home library | Current library | Shelving location | Date acquired | Total Checkouts | Full call number | Barcode | Date last seen | Copy number | Price effective from | Koha item type |
|---|---|---|---|---|---|---|---|---|---|---|---|---|---|---|---|
| Dewey Decimal Classification | London | London | Journal article | 04/05/2001 | ABS63847 | 112420-1001 | 06/08/2019 | 1 | 06/08/2019 | Journal article |